Logo’s van de landen van het WK 2026 - Statistieken

Algemene statistieken
  • Deze quiz is 152 keer genomen
  • De gemiddelde score is 26 van 42
Antwoordstatistieken
Foto Antwoord % Correct
Nederland
100%
Engeland
97%
België
88%
Frankrijk
86%
Brazilië
84%
Duitsland
83%
Marokko
79%
Verenigde Staten
79%
Noorwegen
78%
Portugal
78%
Qatar
78%
Iran
77%
Spanje
77%
Canada
76%
Kroatië
76%
Colombia
75%
Argentinië
74%
Oostenrijk
74%
Schotland
70%
Ghana
66%
Japan
66%
Australië
65%
Ivoorkust
59%
Uruguay
59%
Mexico
58%
Panama
58%
Senegal
55%
Tunesië
55%
Ecuador
53%
Nieuw-Zeeland
53%
Algerije
47%
Zwitserland
47%
Egypte
43%
Saoedi-Arabië
37%
Zuid-Korea
35%
Paraguay
33%
Jordanië
28%
Kaapverdië
28%
Curaçao
27%
Haïti
24%
Oezbekistan
18%
Zuid-Afrika
12%
Geen overeenkomende quizzen gevonden
Scoreverdeling
Procent van Mensen met Elke Score
Percentiel versus Aantal Correcte Antwoorden
Uw Scoregeschiedenis
U heeft deze quiz nog niet genomen